Química (Record no. 177383)

MARC details
000 -LEADER
campo de control de longitud fija 00905nam a22002415i 4500
001 - NÚMERO DE CONTROL
campo de control 177383
003 - IDENTIFICADOR DE NÚMERO DE CONTROL
campo de control ES-MaACL
005 - FECHA Y HORA DE LA ÚLTIMA TRANSACCIÓN
campo de control 20230906220322.0
008 - DATOS DE LONGITUD FIJA--INFORMACIÓN GENERAL
campo de control de longitud fija 110321s1969 sp ao |||| | spa d
080 ## - NÚMERO DE LA CLASIFICACIÓN DECIMAL UNIVERSAL
Número de la Clasificación Decimal Universal 542(076.5)
245 00 - MENCIÓN DEL TÍTULO
Título Química
Resto del título : investigaciones de laboratorio /
Mención de responsabilidad, etc. [ed. por] N. F. (Nuffield Foundation) ; [traducida por José Beltrán].
260 ## - PUBLICACIÓN, DISTRIBUCIÓN, ETC.
Lugar de publicación, distribución, etc. Barcelona [etc.] :
Nombre del editor, distribuidor, etc. Reverté,
Fecha de publicación, distribución, etc. 1969.
300 ## - DESCRIPCIÓN FÍSICA
Extensión 3 v. :
Otras características físicas il. bl. y n. ;
Dimensiones 26 cm.
490 1# - MENCIÓN DE SERIE
Mención de serie Publicaciones del programa Nuffield de química
505 8# - NOTA DE CONTENIDO CON FORMATO
Nota de contenido con formato Contiene: V. 1. Fase IA.- V. 2. Fase IB.- V. 3. Fase II
597 ## - NOTA DE DESCRIPCIÓN FÍSICA
NOTA DE DESCRIPCIÓN FÍSICA Guardados en carpetas.
650 #4 - PUNTO DE ACCESO ADICIONAL DE MATERIA--TÉRMINO DE MATERIA
Término de materia o nombre geográfico como elemento de entrada Química-
Subdivisión general Experimentos.
9 (RLIN) 145737
700 0# - ENTRADA AGREGADA--NOMBRE PERSONAL
Nombre de persona Beltrán, José.
9 (RLIN) 27340
710 0# - ENTRADA AGREGADA--NOMBRE DE ENTIDAD CORPORATIVA
Nombre de entidad corporativa o nombre de jurisdicción como elemento de entrada Nuffield Foundation.
9 (RLIN) 5996
830 0# - PUNTO DE ACCESO ADICIONAL DE SERIE-TÍTULO UNIFORME
Título uniforme Publicaciones del programa Nuffield de química
9 (RLIN) 224172
852 ## - LOCALIZACIÓN
Ubicación ES-MaACL
Número de control de estantería 2276-F-7-9
Encuadernación Olim P-1516
Holdings
Estatus retirado Estado de pérdida Estado de daño No para préstamo Colección Biblioteca de origen Biblioteca actual Ubicación en estantería Fecha de adquisición Fuente de adquisición Total de préstamos Signatura topográfica completa Código de barras Visto por última vez Precio de reemplazo Tipo de ítem Koha
        Colección de folletos Biblioteca del Ateneo de Madrid Biblioteca del Ateneo de Madrid Depósito folletos 21/03/2011     2276-F-7-9 1186305 23/02/2023 23/02/2023 Folleto